The disparates or, the proverbios
Salvato in:
| Autore principale: | |
|---|---|
| Natura: | Libro |
| Lingua: | inglese |
| Pubblicazione: |
Nueva York
Dover
1969
|
| Serie: | Collections of Fine Art in Dover Books
|
| Soggetti: | |
| Tags: |
Aggiungi Tag
Nessun Tag, puoi essere il primo ad aggiungerne!!
|
MARC
| LEADER | 00000nam a2200000 a 4500 | ||
|---|---|---|---|
| 001 | UCT3890 | ||
| 003 | CL-VaPUC | ||
| 008 | 961031e19690000US |||||||||||||||||eng|d | ||
| 082 | 0 | 4 | |a 769.92 |b GOY |2 21 |
| 100 | |a Goya y Lucientes, Francisco José de |e author |9 315215 | ||
| 245 | 1 | 4 | |a The disparates or, the proverbios |
| 942 | |c BK | ||
| 945 | |d 19961031 00:00:00 |a nastorga | ||
| 260 | |a Nueva York |b Dover |c 1969 | ||
| 650 | 0 | |a Dibujo |9 260181 | |
| 650 | 0 | |a Grabados |9 310822 | |
| 650 | 0 | |a Proverbios |9 269154 | |
| 651 | 0 | |a España |9 254926 | |
| 583 | |a last modification |c 19961031 00:00:00 |k Rodrigo Vera | ||
| 490 | 0 | |a Collections of Fine Art in Dover Books | |
| 999 | |c 253394 |d 253392 | ||
| 952 | |0 0 |1 0 |4 0 |6 769_920000000000000_GOY_1969 |7 0 |8 A |9 274221 |a BIBARQ |b BIBARQ |d 2019-11-19 |i 3244008 |o 769.92 GOY 1969 |p 3244008 |r 2025-01-20 |w 2019-11-19 |y BK |k ARQ | ||
| 952 | |0 0 |1 0 |4 0 |6 769_920000000000000_GOY_1969 |7 0 |8 R |9 274222 |a BIBART |b BIBART |d 2019-11-19 |i 1204548 |l 1 |o 769.92 GOY 1969 |p 1204548 |r 2025-03-13 |s 2023-10-19 |w 2019-11-19 |y BK_R |k ART | ||